000 00586nam a2200229Ia 4500
003 OSt
005 20221005115707.0
006 a|||||r|||| 00| 0
007 ta
008 221004b |||||||| |||| 00| 0 eng d
020 _c20
024 _a45038
037 _cTextual
040 _aCRL
_cCRL
_beng
041 _2eng
_aeng
082 _aU287.2, N6
245 0 _aCO2 mitigation and te Indian transport sector
490 _aTata Energy Research Institute
650 _aENVIRONMENTAL SCIENCE
_914764
942 _hU287.2, N6
_cTEXL
_2cc
999 _c1035625
_d1035625